01285nam a2200289Ia 4500001001100000003000800011006001900019007001500038008004100053040002100094035002100115050002400136100003800160245015900198260009500357300001000452533015200462650002100614651004400635655002900679710005100708710002200759710005700781710001700838856012500855999001500980ebr5000655CaPaEBRm u cr cn|||||||||100923r20011844inu s 000 0 eng d aCaPaEBRcCaPaEBR a(OCoLC)68063222914aPS1615b.Y84 2001eb1 aEmerson, Ralph Waldo,d1803-1882.14aThe young Americanh[electronic resource] :ba lecture read before the Mercantile Library Association, Boston, February 7, 1844 /cby Ralph Waldo Emerson. a[South Bend, IN] :bInfomotions, Inc. ;a[Blacksburg, VA] :bVirginia Tech.,c2001, c1844. a12 p. aElectronic reproduction.bPalo Alto, Calif. :cebrary,d2010.nAvailable via World Wide Web.nAccess may be limited to ebrary affiliated libraries. 0aAmerican poetry. 0aUnited StatesxCivilizationy1783-1865. 7aElectronic books.2local2 aMercantile Library Association (Boston, Mass.)2 aInfomotions, Inc.2 aVirginia Polytechnic Institute and State University.2 aebrary, Inc.40uhttp://site.ebrary.com/lib/rucke/Doc?id=5000655zAn electronic book accessible through the World Wide Web; click to view c2922d2922